Industrial electronics and instrumentation (Record no. 31081)

MARC details
000 -LEADER
fixed length control field 00431nam a2200169Ia 4500
020 ## - INTERNATIONAL STANDARD BOOK NUMBER
ISBN 9789350143469
050 ## - CALL MARK
Classification number TK 7881 .K86/
100 ## - STATEMENT OF RESPONSIBILITY--MAIN AUTHOR NAME
Personal name Kumar, Sunil
245 #0 - TITLE STATEMENT
Title Industrial electronics and instrumentation
260 ## - PUBLICATION, DISTRIBUTION, ETC. (IMPRINT)
Place of publication New Delhi
260 ## - PUBLICATION, DISTRIBUTION, ETC. (IMPRINT)
Name of publisher S. K. Kataria & Sons
300 ## - PHYSICAL DESCRIPTION
Number of Pages 305 p
650 ## - SUBJECT ADDED ENTRY--TOPICAL TERM
Topical Term Industrial electronics.
942 ## - ADDED ENTRY ELEMENTS (KOHA)
Koha item type Books
Holdings
Withdrawn status Lost status Source of classification or shelving scheme Damaged status Not for loan Permanent Location Current Location Shelving location Date acquired Accession Number Price effective from Koha item type
    Library of Congress Classification     NILE UNIVERSITY OF NIGERIA - MAIN LIBRARY NILE UNIVERSITY OF NIGERIA - MAIN LIBRARY Items on shelf 04/23/2025 0192791 04/23/2025 Books